000 00572cam a22001933a 4500
001 40980
003 PGUSA
005 20140828083924.0
008 121008s2012||||xxu|||||s|||||000 | eng d
040 _aPGUSA
_beng
042 _adc
245 1 4 _aThe Life of David :
_bOr, The History of The Man After God's Own Heart
_h[electronic resource] /
_cAnonymous
260 _bProject Gutenberg,
_c2012
506 _aPublic domain in the USA.
516 _aElectronic text
830 0 _aProject Gutenberg
_v40980
856 4 0 _uhttp://www.gutenberg.org/ebooks/40980
942 _cEB
999 _c270232
_d270232